Biblioteca

Isaiah 40-66 : (Registro nro. 67532)

Detalles MARC
000 -LÍDER
Campo fijo de descripción fija 02163cam a2200373 i 4500
001 - NÚMERO DE CONTROL
Campo de control 768714001
003 - IDENTIFICADOR DEL NÚMERO DE CONTROL
Campo de control CO-MdFUSB
005 - FECHA Y HORA DE LA ULTIMA TRANSACCIÓN
control field 20220628111452.0
007 - CAMPO FIJO DE DESCRIPCIÓN FIJA--INFORMACIÓN GENERAL
Campo fijo de descripción fija ta
008 - ELEMENTOS DE LONGITUD FIJA -- INFORMACIÓN GENERAL
Campo fijo de descripción fija -- Información general 110527t2012 miu b 001 0 eng
020 ## - NÚMERO INTERNACIONAL NORMALIZADO PARA LIBROS
Número Internacional Normalizado del libro 0802826032
040 ## - FUENTE DE CATALOGACIÓN
Agencia de catalogación original DLC
Idioma de catalogación eng
Agencia que realiza la transcripción CO-MdFUSB
Agencia que realiza la modificación YDX
-- BTCTA
-- UKMGB
-- BDX
-- GGB
-- YDXCP
-- DTM
-- BWX
-- DLC
Convenciones de la descripción rda
041 0# - CÓDIGO DE IDIOMA
Código de idioma para texto/pista de sonido o título separado eng
-- heb
042 ## - AUTHENTICATION CODE
Authentication code pcc
082 00 - NÚMERO DE CLASIFICACIÓN DECIMAL DEWEY
Número de clasificación 224.107
Número de la edición del Dewey 23
Clave de autor-Numero de item P324
100 1# - ASIENTO PRINCIPAL--NOMBRE PERSONAL
Nombre personal Paul, Shalom M.
Término relacionador autor
245 10 - TÍTULO
Título del Material Isaiah 40-66 :
Parte restante del título - Subtitulo translation and commentary /
Mención de responsabilidad, etc. Shalom M. Paul.
264 #1 - PRODUCCIÓN, PUBLICACIÓN, DISTRIBUCIÓN, MANUFACTURA, Y COPYRIGHT
Lugar de producción, publicación, distribución, manufactura Grand Rapids, Mich. :
Nombre del productor, publicador, distribuidor Wm. B. Eerdmans Publishing Company,
Fecha de producción, publicación, distribución, manufactura, o copyright [2012]
264 #4 - PRODUCCIÓN, PUBLICACIÓN, DISTRIBUCIÓN, MANUFACTURA, Y COPYRIGHT
Fecha de producción, publicación, distribución, manufactura, o copyright © 2012
300 ## - DESCRIPCIÓN FÍSICA
Extensión 714 páginas ;
Dimensiones 24 cm.
336 ## - TIPO DE CONTENIDO
Fuente rdacontent
Término de tipo de contenido texto
Código de tipo de contenido txt
337 ## - TIPO DE MEDIO
Fuente rdamedia
Nombre del tipo de medio sin mediación
Código del tipo de medio n
338 ## - TIPO DE SOPORTE
Fuente rdacarrier
Nombre del tipo de soporte volumen
Código Tipo de soporte nc
490 1# - MENCIÓN DE SERIE
Mención de serie The Eerdmans Critical Commentary
504 ## - NOTA DE BIBLIOGRAFÍA, ETC.
Nota de bibliografía, etc Incluye referencias bibliográficas (p. 633-656) e índices.
505 ## - NOTA DE CONTENIDO
Nota de contenido con formato preestablecido Deutero-Isaías -- ¿Trito-Isaías? -- Reseña histórica -- Excursus A: Oración de Nabónido -- Excursus B: Cilindro de Ciro -- Rishonôt y ḥadashôt -- Cantos de siervos -- Actitudes hacia los extranjeros y el universalismo religioso -- Deutero-Isaías, polemista -- Descripciones de Jerusalén -- Descripciones de Dios, sus atributos y su relación con su pueblo -- Estilo único y secuencia literaria -- Idioma del libro: arameo y hebreo tardío -- Tradiciones bíblicas internas reflejadas en Deutero-Isaías -- Influencia de Primero de Isaías en Deutero -Isaías -- Influencia de Jeremías en Deutero-Isaías -- Influencias proféticas adicionales en Deutero-Isaías -- Influencias salmísticas en Deutero-Isaías -- Paralelos entre el libro de Lamentaciones y Deutero-Isaías -- Deutero-Isaías y la herencia literaria de el antiguo Cercano Oriente -- Rollos de Isaías de Qumrán y traducciones antiguas -- Deutero-Isaías en la liturgia judía -- Traducción -- Comentario.
563 ## - NOTA DE ENCUADERNACIÓN
Nota de encuadernación Rústico
630 #7 - TITULO UNIFORME
Título uniforme Biblia
Nombre de parte o sección de la obra Isaías
Subdivisión de materia general Crítica, interpretación, etc.
830 #4 - PUNTO DE ACCESO ADICIONAL DE SERIE - TÍTULO UNIFORME
Título uniforme The Eerdmans Critical Commentary
942 ## - TIPO DE MATERIAL (KOHA)
Tipo de Item KOHA Libros de Referencia
945 ## - INFORMACIÓN LOCAL DEL REGISTRO
Catalogador JTF-925
Existencias
Estado de Material Estado de Perdido Forma de Clasificación Estado de Dañado No para Préstamo Colección Biblioteca de Origen Biblioteca Permanente Fecha de Adquisición Área Total de Préstamos Signatura Topográfica Código de Barras Última vez visto Ejemplar/Existencia Fecha de Remplazo Tipo de Material
    Dewey Decimal Classification     Colección de Referencia Biblioteca FUSBC Biblioteca FUSBC 24/03/2022 BIBLIA   R 224.107 P324i 21702 11/06/2025 Ej.1 24/03/2022 Libros de Referencia

Biblioteca FUSBC | Teléfono: (57+4) 349 88 10 Ext. 141| WhatsApp (+57) 3005338115 
E-mail: biblioteca@unisbc.edu.co | Calle 76 87-14 Robledo Palenque, Medellín, Colombia

Con tecnología Koha